Effect of penalties on career (Record no. 1869)

MARC details
000 -LEADER
fixed length control field 00745 a2200193 4500
010 ## - LIBRARY OF CONGRESS CONTROL NUMBER
LC control number ENG-85260
020 ## - INTERNATIONAL STANDARD BOOK NUMBER
Terms of availability 125.00
035 ## - SYSTEM CONTROL NUMBER
System control number EN-68793
037 ## - SOURCE OF ACQUISITION
Source of stock number/acquisition D.B.Act / Pub
082 14 - DEWEY DECIMAL CLASSIFICATION NUMBER
Classification number 351.14
090 ## - LOCALLY ASSIGNED LC-TYPE CALL NUMBER (OCLC); LOCAL CALL NUMBER (OCLC)
-- 1901
-- 1901
100 1# - MAIN ENTRY--PERSONAL NAME
Personal name Suryanarayana, R. V.
245 1# - TITLE STATEMENT
Title Effect of penalties on career
Statement of responsibility, etc R. V. Suryanarayana
Remainder of title pay, promotion, seniority and pension of members of civil services
260 ## - PUBLICATION, DISTRIBUTION, ETC. (IMPRINT)
Place of publication, distribution, etc Bangalore
Name of publisher, distributor, etc Parsam Institute of Statutory Rules
Date of publication, distribution, etc 2006
270 ## - ADDRESS
Address No. 38/1, R. V. Road, Opp. Vijaya College, Basavanagudi
City Bangalore
State or province Karnataka
Postal code 1560004
Telephone number 030-51205574
300 ## - PHYSICAL DESCRIPTION
Extent x, 106 p.
Dimensions 21 cm. (Pbk)
942 ## - ADDED ENTRY ELEMENTS (KOHA)
Institution code [OBSOLETE] dpl
Koha item type English Books
Call number prefix 351.14 / SUR
Holdings
Withdrawn status Lost status Source of classification or shelving scheme Damaged status Not for loan Collection code Home library Current library Source of acquisition Cost, normal purchase price Total Checkouts Full call number Barcode Date last seen Copy number Uniform Resource Identifier Cost, replacement price Price effective from Koha item type
    Dewey Decimal Classification   Not For Loan Non-fiction D.B.Act.Division D.B.Act.Division DBAD/PUB 125.00   351.14 SUR EN-68793 15/09/2008 1 1977 125.00 15/09/2008 English Books

© Delhi Public Library
Hit Counter
free hit counter